000 02606nam0a2200565 4500
001 RU\NLR\bibl\1020458
005 20250614234105.0
010 _a5-87359-064-8
_9500
021 _aRU
_b2006-68556
_93446
035 _a(nilc)EL/0000096104
035 _aRUSMED\0000077410
035 _a(NLR Aleph) 001007998
090 _a620476
_c620477
100 _a20061116d2006 |||y0rusy50 ca
101 0 _arus
102 _aRU
105 _aa z |||||
200 1 _aКлинические аспекты применения вегетативного резонансного теста "ИМЕДИС-ТЕСТ" в педиатрии
_eметодическое пособие
_fЕ.Г. Аванесова, Т.С. Аванесова, М.Ю. Готовский [и др.]
_gЦентр интеллект. мед. систем "ИМЕДИС"
210 _aМосква
_cИМЕДИС
_d2006
215 _a208 с.
_cил.
_d21
225 1 _aТехнологии "ИМЕДИС". Педиатрия
300 _aНа обороте тит.л. 1-й и 2-й авт.: Аванесова Е.Г. - к.м.н., врач высш. категории, Аванесова Т.С. - к.б.н., врач высш. категории
320 _aБиблиогр.: с. 205-208 (40 назв.)
606 1 _aВегетативный резонансный тест
_jМетодические пособия
_xПрименение в педиатрии
_92453144
_3RU\NLR\auth\661458391
675 _a616-053.2-073(072)
_vudc
686 _a76.29.47
_2rugasnti
686 _a76.01.33
_2rugasnti
686 _aE02.186.250
_2MeSH
686 _aE02.190.044.244
_2MeSH
686 _aE02.342.543
_2MeSH
686 _aE02.779.468.399
_2MeSH
686 _aE03.091.823.500
_2MeSH
686 _aE03.155.519
_2MeSH
686 _aE02.186.250 - методы
_2MeSH
686 _aE02.190.044.244 - методы
_2MeSH
686 _aE02.342.543 - методы
_2MeSH
686 _aE02.779.468.399 - методы
_2MeSH
686 _aE03.091.823.500 - методы
_2MeSH
686 _aE03.155.519 - методы
_2MeSH
686 _aР733-437я8
701 1 _aАванесова
_bЕ. Г.
_gЕлена Геннадьевна
_4070
701 1 _aАванесова
_bТ. С.
_4070
701 1 _aГотовский
_bМ. Ю.
_4070
712 0 2 _a"ИМЕДИС", центр интеллектуальных медицинских систем
_cМосква
801 0 _aRU
_bЦНМБ
_c20061116
_gPSBO
801 1 _aRU
_bЦНМБ
_c20061116
801 2 _aRU
_bNLR
_c20061212
_grcr
942 _cBOOK
980 _aNB